<Die> Europäische Eisen-und Stahlindustrie <Die> Standortqualität ausgewählter EG-Ansiedlungszentren im Vergleich
Gespeichert in:
| 1. Verfasser: | |
|---|---|
| Format: | Buch |
| Sprache: | Deutsch |
| Veröffentlicht: |
Göttingen
Vandenhoeck und Ruprecht
1989
|
| Ausgabe: | 1. Aufl. |
| Schriftenreihe: | Wirtschaftspolitische Studien
77 |
| Schlagworte: | |
| Tags: |
Keine Tags, Fügen Sie das erste Tag hinzu!
|
MARC
| LEADER | 00000nam a2200000 4500 | ||
|---|---|---|---|
| 001 | c000728 | ||
| 005 | 20221215125305.6 | ||
| 020 | |a 3-525-12279-9 | ||
| 041 | 0 | |a ger | |
| 044 | |a DE | ||
| 245 | 1 | 0 | |a <Die> Europäische Eisen-und Stahlindustrie |b <Die> Standortqualität ausgewählter EG-Ansiedlungszentren im Vergleich |c Matthias Henke |
| 250 | |a 1. Aufl. | ||
| 264 | 1 | |a Göttingen |b Vandenhoeck und Ruprecht |c 1989 | |
| 300 | |a 372 s. | ||
| 490 | 1 | |a Wirtschaftspolitische Studien |v 77 | |
| 830 | 0 | |a Wirtschaftspolitische Studien |v 77 | |
| 610 | 2 | 0 | |a hutníctvo |
| 610 | 2 | 0 | |a Európske spoločenstvá |
| 610 | 2 | 0 | |a ponuka |
| 610 | 2 | 0 | |a dopyt |
| 610 | 2 | 0 | |a náklady |
| 100 | 1 | |a Henke, Matthias | |